000 00683nam a2200253Ia 4500
003 OSt
005 20221006145122.0
006 a|||||r|||| 00| 0
007 ta
008 221006b |||||||| |||| 00| 0 eng d
020 _c
_10.00
024 _a13,825
037 _cTextual
040 _aEASL
_cEASL
_beng
041 _2eng
_aeng
082 _aV73:1949E.N1, J2
100 _aFifield Russell H
245 0 _aWoodrow Wilson and the far east
_b Diplomacy of the shantung question
260 _aUSA
_bHamden
_c1952
300 _a383p.
_ccm.
490 _v Oth
942 _hV73:1949E.N1, J2
_cTEXL
_2CC
999 _c1081911
_d1081911